Pulsed NMR study of rubber vulcanizates under deformation (Record no. 66096)

MARC details
000 -LEADER
fixed length control field 00360nam a2200109Ia 4500
100 ## - MAIN ENTRY--AUTHOR NAME
Personal name Fukumori K
245 #0 - TITLE STATEMENT
Title Pulsed NMR study of rubber vulcanizates under deformation
260 ## - PUBLICATION, DISTRIBUTION, ETC. (IMPRINT)
Name of publisher Proceedings of the International Rubber Conference, Kobe, Japan, 1995; p586-589
650 ## - SUBJECT ADDED ENTRY--TOPICAL TERM
Topical Term Rubber vulcanisates
942 ## - ADDED ENTRY ELEMENTS (KOHA)
Koha item type Journals
Holdings
Withdrawn status Lost status Damaged status Not for loan Home library Current library Shelving location Date acquired Koha item type
      Journals RRII Library RRII Library Rubber chemistry 17/12/2021 Journals